• Pelayo,

di Personal Name

Records bibliografici associati: 1

001 - CONTROL NUMBER

  • control field: 68949

003 - CONTROL NUMBER IDENTIFIER

  • control field: IT-RoINE

005 - DATE AND TIME OF LATEST TRANSACTION

  • control field: 20200909075117.0

008 - FIXED-LENGTH DATA ELEMENTS

  • fixed length control field: 200909|| aca||aabn | a|a d

040 ## - CATALOGING SOURCE

  • Original cataloging agency: IT-RoINE
  • Transcribing agency: IT-RoINE

100 ## - HEADING--PERSONAL NAME

  • Personal name: Pelayo,
  • Titles and other words associated with a name: Santo,
  • Dates associated with a name: 911-925
  • General subdivision: Libros de oraciones y devocionarios

670 ## - SOURCE DATA FOUND

  • Source citation: Work cat.: (IT-RoINE)34927: Fernández Lago, José, 3069 1944-, Vida y novena en honor de San Pelayo /, 2016.